| 000 | 00379cam a2200145ua 4500 | ||
|---|---|---|---|
| 041 |
_aeng _h |
||
| 082 |
_a698.1 _bLAW/PA |
||
| 100 | _aLawrence, James . | ||
| 245 |
_aPainting and decorating craft practice / _cJames Lawrence. _hTextual Documents |
||
| 260 |
_aLondon : _bE & F N Spon limited , _c1955. |
||
| 300 | _a151 ; . | ||
| 504 | _a | ||
| 942 | _cBK | ||
| 999 |
_c8544 _d8544 |
||